[Event "OeISM B U10"]
[Site "AUT_boys_U10"]
[Date "2020.12.13"]
[Round "7"]
[White "Widder2010"]
[Black "Lukas-2010"]
[Result "0-1"]
[WhiteElo "1679"]
[BlackElo "1944"]
[Annotator "NA"]
[PlyCount "40"]
[EventDate "2020.12.13"]
[EventType "blitz"]

1. d4 {[%emt 0:00:04]} Nf6 {[%emt 0:00:02]} 2. c4 {[%emt 0:00:02]} e6 {[%emt 0:00:02]} 3. Nc3 {[%emt 0:00:02]} Bb4 {[%emt 0:00:02]} 4. Qc2 {[%emt 0:00:10]} b6 {[%emt 0:00:09]} 5. Nf3 {[%emt 0:00:04]} Bb7 {[%emt 0:00:02]} 6. Bd2 {[%emt 0:00:06]} O-O {[%emt 0:00:04]} 7. O-O-O {[%emt 0:00:05]} d6 {[%emt 0:00:07]} 8. e3 {[%emt 0:00:05]} Bxc3 {[%emt 0:00:05]} 9. Bxc3 {[%emt 0:00:02]} Ne4 {[%emt 0:00:01]} 10. Bd3 {[%emt 0:00:09]} f5 {[%emt 0:00:02]} 11. Rhg1 {[%emt 0:00:13]} Nd7 {[%emt 0:00:10]} 12. Rdf1 {[%emt 0:00:08]} Ndf6 {[%emt 0:00:08]} 13. Nd2 {[%emt 0:00:09]} Nxc3 {[%emt 0:00:08]} 14. Qxc3 {[%emt 0:00:06]} c5 {[%emt 0:00:10]} 15. f4 {[%emt 0:00:13]} Rc8 {[%emt 0:00:07]} 16. b3 {[%emt 0:00:06]} Nd5 {[%emt 0:00:05]} 17. cxd5 {[%emt 0:00:20]} cxd4 {[%emt 0:00:02]} 18. Qxc8 {[%emt 0:00:06]} Qxc8+ {[%emt 0:00:03]} 19. Bc2 {[%emt 0:00:02]} d3 {[%emt 0:00:01]} 20. dxe6 {[%emt 0:00:07]} Qxc2# {[%emt 0:00:02] Mate Mate} 0-1

[Event "OeISM B U10"]
[Site "AUT_boys_U10"]
[Date "2020.12.13"]
[Round "7"]
[White "Martinovicdavid"]
[Black "BeatG10"]
[Result "1-0"]
[WhiteElo "1677"]
[BlackElo "1330"]
[Annotator "NA"]
[PlyCount "113"]
[EventDate "2020.12.13"]
[EventType "blitz"]

1. e4 {[%emt 0:00:06]} e6 {[%emt 0:00:01]} 2. d4 {[%emt 0:00:03]} d5 {[%emt 0:00:01]} 3. exd5 {[%emt 0:00:02]} exd5 {[%emt 0:00:01]} 4. Nf3 {[%emt 0:00:02]} Nf6 {[%emt 0:00:03]} 5. Bd3 {[%emt 0:00:01]} Bg4 {[%emt 0:00:08]} 6. Bf4 {[%emt 0:00:03]} Bd6 {[%emt 0:00:16]} 7. Bxd6 {[%emt 0:00:22]} Qxd6 {[%emt 0:00:02]} 8. Qe2+ {[%emt 0:00:03]} Qe6 {[%emt 0:00:14]} 9. Qxe6+ {[%emt 0:00:13]} Bxe6 {[%emt 0:00:01]} 10. Nbd2 {[%emt 0:00:04]} O-O {[%emt 0:00:03]} 11. c3 {[%emt 0:00:02]} Nc6 {[%emt 0:00:03]} 12. O-O-O {[%emt 0:00:03]} Rfe8 {[%emt 0:00:08]} 13. h3 {[%emt 0:00:04]} Ne4 {[%emt 0:00:19]} 14. Bxe4 {[%emt 0:00:36]} dxe4 {[%emt 0:00:02]} 15. Nxe4 {[%emt 0:00:02]} Bxa2 {[%emt 0:00:01]} 16. Nc5 {[%emt 0:00:07]} b6 {[%emt 0:00:18]} 17. Nd3 {[%emt 0:00:08]} Be6 {[%emt 0:00:22]} 18. Nfe5 {[%emt 0:00:10]} Nxe5 {[%emt 0:00:14]} 19. Nxe5 {[%emt 0:00:03]} Rad8 {[%emt 0:00:05]} 20. f4 {[%emt 0:00:11]} Rd6 {[%emt 0:00:14]} 21. g4 {[%emt 0:00:10]} f6 {[%emt 0:00:08]} 22. Nd3 {[%emt 0:00:10]} Bd5 {[%emt 0:00:17]} 23. Rhe1 {[%emt 0:00:06]} Rxe1 {[%emt 0:00:05]} 24. Rxe1 {[%emt 0:00:03]} Re6 {[%emt 0:00:03]} 25. Rxe6 {[%emt 0:00:35]} Bxe6 {[%emt 0:00:02]} 26. Kd2 {[%emt 0:00:01]} Kf7 {[%emt 0:00:02]} 27. Ke3 {[%emt 0:00:04]} g5 {[%emt 0:00:10]} 28. f5 {[%emt 0:00:05]} Bd7 {[%emt 0:00:13]} 29. Ke4 {[%emt 0:00:07]} Bb5 {[%emt 0:00:11]} 30. Nf2 {[%emt 0:00:15]} Ke7 {[%emt 0:00:11]} 31. Kd5 {[%emt 0:00:21]} c6+ {[%emt 0:00:06]} 32. Ke4 {[%emt 0:00:03]} Kd6 {[%emt 0:00:02]} 33. b3 {[%emt 0:00:10]} a5 {[%emt 0:00:26]} 34. c4 {[%emt 0:00:10]} Ba6 {[%emt 0:00:04]} 35. Kd3 {[%emt 0:00:34]} b5 {[%emt 0:00:59]} 36. Kc3 {[%emt 0:00:09]} bxc4 {[%emt 0:00:07]} 37. bxc4 {[%emt 0:00:03]} c5 {[%emt 0:00:10]} 38. dxc5+ {[%emt 0:00:09]} Kxc5 {[%emt 0:00:00]} 39. Ne4+ {[%emt 0:00:02]} Kc6 {[%emt 0:00:08]} 40. Nxf6 {[%emt 0:00:02]} Kc5 {[%emt 0:00:02]} 41. Nxh7 {[%emt 0:00:01]} Bxc4 {[%emt 0:00:01]} 42. Nxg5 {[%emt 0:00:02]} a4 {[%emt 0:00:01]} 43. h4 {[%emt 0:00:06]} a3 {[%emt 0:00:01]} 44. h5 {[%emt 0:00:02]} a2 {[%emt 0:00:01]} 45. Kb2 {[%emt 0:00:03]} Be2 {[%emt 0:00:09]} 46. h6 {[%emt 0:00:03]} Bxg4 {[%emt 0:00:02]} 47. h7 {[%emt 0:00:03]} Bxf5 {[%emt 0:00:05]} 48. h8=Q {[%emt 0:00:02]} Bd3 {[%emt 0:00:05]} 49. Kxa2 {[%emt 0:00:03]} Kc4 {[%emt 0:00:02]} 50. Nf3 {[%emt 0:00:08]} Be2 {[%emt 0:00:10]} 51. Qd4+ {[%emt 0:00:04]} Kb5 {[%emt 0:00:04]} 52. Ne5 {[%emt 0:00:06]} Bc4+ {[%emt 0:00:04]} 53. Qxc4+ {[%emt 0:00:04]} Ka5 {[%emt 0:00:01]} 54. Qb3 {[%emt 0:00:03]} Ka6 {[%emt 0:00:01]} 55. Nd7 {[%emt 0:00:07]} Ka5 {[%emt 0:00:05]} 56. Ka3 {[%emt 0:00:03]} Ka6 {[%emt 0:00:02]} 57. Qb6# {[%emt 0:00:02] Mate Mate} 1-0

[Event "OeISM B U10"]
[Site "AUT_boys_U10"]
[Date "2020.12.13"]
[Round "7"]
[White "Chesstornado2011"]
[Black "NIKO2011"]
[Result "0-1"]
[WhiteElo "1600"]
[BlackElo "1798"]
[Annotator "NA"]
[PlyCount "124"]
[EventDate "2020.12.13"]
[EventType "blitz"]

1. e4 {[%emt 0:00:05]} c5 {[%emt 0:00:01]} 2. Nf3 {[%emt 0:00:02]} e6 {[%emt 0:00:01]} 3. Bc4 {[%emt 0:00:01]} a6 {[%emt 0:00:02]} 4. a4 {[%emt 0:00:03]} Nc6 {[%emt 0:00:04]} 5. Nc3 {[%emt 0:00:02]} b6 {[%emt 0:00:04]} 6. d3 {[%emt 0:00:03]} Bb7 {[%emt 0:00:04]} 7. Be3 {[%emt 0:00:07]} d6 {[%emt 0:00:04]} 8. O-O {[%emt 0:00:05]} Be7 {[%emt 0:00:02]} 9. h3 {[%emt 0:00:08]} Nf6 {[%emt 0:00:02]} 10. d4 {[%emt 0:00:12]} cxd4 {[%emt 0:00:20]} 11. Nxd4 {[%emt 0:00:04]} Nxd4 {[%emt 0:00:04]} 12. Bxd4 {[%emt 0:00:05]} O-O {[%emt 0:00:04]} 13. Bxf6 {[%emt 0:00:11]} Bxf6 {[%emt 0:00:02]} 14. Re1 {[%emt 0:00:13]} Qc7 {[%emt 0:00:03]} 15. Qd3 {[%emt 0:00:22]} Rfc8 {[%emt 0:00:29]} 16. Bb3 {[%emt 0:00:18]} Bxc3 {[%emt 0:00:08]} 17. bxc3 {[%emt 0:00:03]} Qxc3 {[%emt 0:00:02]} 18. Qxd6 {[%emt 0:00:04]} Qc5 {[%emt 0:00:32]} 19. Qd3 {[%emt 0:00:13]} Rd8 {[%emt 0:00:07]} 20. Qe3 {[%emt 0:00:19]} Rac8 {[%emt 0:00:34]} 21. Qxc5 {[%emt 0:00:12]} Rxc5 {[%emt 0:00:21]} 22. Rad1 {[%emt 0:00:05]} Rcc8 {[%emt 0:00:10]} 23. Rxd8+ {[%emt 0:00:13]} Rxd8 {[%emt 0:00:03]} 24. Re2 {[%emt 0:00:05]} Rd1+ {[%emt 0:00:12]} 25. Kh2 {[%emt 0:00:05]} g6 {[%emt 0:00:06]} 26. e5 {[%emt 0:00:11]} b5 {[%emt 0:00:20]} 27. axb5 {[%emt 0:00:04]} axb5 {[%emt 0:00:01]} 28. f3 {[%emt 0:00:09]} Rd4 {[%emt 0:00:18]} 29. Re3 {[%emt 0:00:08]} Rd2 {[%emt 0:00:12]} 30. Rd3 {[%emt 0:00:12]} Re2 {[%emt 0:00:07]} 31. Rd7 {[%emt 0:00:09]} Bxf3 {[%emt 0:00:05]} 32. Kg3 {[%emt 0:00:06]} Be4 {[%emt 0:00:08]} 33. Rd8+ {[%emt 0:00:12]} Kg7 {[%emt 0:00:02]} 34. Rb8 {[%emt 0:00:06]} Rxg2+ {[%emt 0:00:06]} 35. Kf4 {[%emt 0:00:03]} Bxc2 {[%emt 0:00:02]} 36. Bxc2 {[%emt 0:00:09]} Rxc2 {[%emt 0:00:01]} 37. Rxb5 {[%emt 0:00:01]} Rc4+ {[%emt 0:00:02]} 38. Kg3 {[%emt 0:00:02]} Rd4 {[%emt 0:00:06]} 39. Kh2 {[%emt 0:00:05]} Rd5 {[%emt 0:00:02]} 40. Rxd5 {[%emt 0:00:04]} exd5 {[%emt 0:00:01]} 41. Kg3 {[%emt 0:00:00]} f6 {[%emt 0:00:04]} 42. e6 {[%emt 0:00:08]} Kf8 {[%emt 0:00:01]} 43. Kf4 {[%emt 0:00:01]} Ke7 {[%emt 0:00:01]} 44. Ke3 {[%emt 0:00:02]} Kxe6 {[%emt 0:00:01]} 45. Kd4 {[%emt 0:00:01]} f5 {[%emt 0:00:02]} 46. h4 {[%emt 0:00:01]} f4 {[%emt 0:00:03]} 47. h5 {[%emt 0:00:01]} g5 {[%emt 0:00:02]} 48. h6 {[%emt 0:00:02]} g4 {[%emt 0:00:02]} 49. Kd3 {[%emt 0:00:01]} Ke5 {[%emt 0:00:02]} 50. Ke2 {[%emt 0:00:01]} Ke4 {[%emt 0:00:02]} 51. Kd2 {[%emt 0:00:01]} d4 {[%emt 0:00:01]} 52. Ke2 {[%emt 0:00:01]} g3 {[%emt 0:00:01]} 53. Kf1 {[%emt 0:00:02]} Ke3 {[%emt 0:00:02]} 54. Ke1 {[%emt 0:00:01]} d3 {[%emt 0:00:01]} 55. Kf1 {[%emt 0:00:04]} d2 {[%emt 0:00:01]} 56. Kg2 {[%emt 0:00:04]} d1=Q {[%emt 0:00:02]} 57. Kh3 {[%emt 0:00:01]} Qh1+ {[%emt 0:00:08]} 58. Kg4 {[%emt 0:00:02]} g2 {[%emt 0:00:03]} 59. Kf5 {[%emt 0:00:02]} g1=Q {[%emt 0:00:01]} 60. Ke6 {[%emt 0:00:02]} Qg6+ {[%emt 0:00:02]} 61. Ke7 {[%emt 0:00:04]} Qb7+ {[%emt 0:00:02]} 62. Kf8 {[%emt 0:00:04]} Qgf7# {[%emt 0:00:04] Mate Mate} 0-1

[Event "OeISM B U10"]
[Site "AUT_boys_U10"]
[Date "2020.12.13"]
[Round "7"]
[White "Mattfried"]
[Black "Derenick2010"]
[Result "1-0"]
[WhiteElo "1592"]
[BlackElo "1459"]
[Annotator "NA"]
[PlyCount "115"]
[EventDate "2020.12.13"]
[EventType "blitz"]

1. e4 {[%emt 0:00:03]} e5 {[%emt 0:00:01]} 2. Nf3 {[%emt 0:00:02]} Nc6 {[%emt 0:00:01]} 3. d4 {[%emt 0:00:03]} exd4 {[%emt 0:00:02]} 4. Bc4 {[%emt 0:00:05]} Nf6 {[%emt 0:00:04]} 5. O-O {[%emt 0:00:03]} Bc5 {[%emt 0:00:09]} 6. c3 {[%emt 0:00:06]} dxc3 {[%emt 0:00:04]} 7. Nxc3 {[%emt 0:00:10]} O-O {[%emt 0:00:06]} 8. Bg5 {[%emt 0:00:04]} h6 {[%emt 0:00:02]} 9. Bh4 {[%emt 0:00:02]} Be7 {[%emt 0:00:04]} 10. e5 {[%emt 0:00:09]} Nh5 {[%emt 0:00:17]} 11. Bxe7 {[%emt 0:00:17]} Qxe7 {[%emt 0:00:02]} 12. Re1 {[%emt 0:00:16]} Nxe5 {[%emt 0:00:07]} 13. Rxe5 {[%emt 0:00:07]} Qb4 {[%emt 0:00:18] Derenick2010 offers a draw} 14. Qd4 {[%emt 0:00:28]} Qxb2 {[%emt 0:00:05]} 15. Nd5 {[%emt 0:00:16]} Qxd4 {[%emt 0:00:10]} 16. Nxd4 {[%emt 0:00:00]} d6 {[%emt 0:00:07]} 17. Rxh5 {[%emt 0:00:07]} c5 {[%emt 0:00:17]} 18. Nf3 {[%emt 0:00:37]} Be6 {[%emt 0:00:00]} 19. Ne7+ {[%emt 0:00:08]} Kh7 {[%emt 0:00:07]} 20. Ng5+ {[%emt 0:00:15]} Kh8 {[%emt 0:00:10]} 21. Bxe6 {[%emt 0:00:08]} fxe6 {[%emt 0:00:03]} 22. Ng6+ {[%emt 0:00:06]} Kg8 {[%emt 0:00:06]} 23. Nxf8 {[%emt 0:00:02]} Rxf8 {[%emt 0:00:02]} 24. Nxe6 {[%emt 0:00:03]} Rf6 {[%emt 0:00:04]} 25. Re1 {[%emt 0:00:11]} Kf7 {[%emt 0:00:05]} 26. Nd8+ {[%emt 0:00:05]} Kg6 {[%emt 0:00:02]} 27. Rh3 {[%emt 0:00:09]} Kh7 {[%emt 0:00:04]} 28. f3 {[%emt 0:00:05]} d5 {[%emt 0:00:04]} 29. Re5 {[%emt 0:00:08]} d4 {[%emt 0:00:02]} 30. Rxc5 {[%emt 0:00:04]} Rd6 {[%emt 0:00:02]} 31. Nf7 {[%emt 0:00:04]} Rd7 {[%emt 0:00:04]} 32. Ne5 {[%emt 0:00:01]} Rd6 {[%emt 0:00:09] Derenick2010 offers a draw} 33. Rc1 {[%emt 0:00:19]} Rd5 {[%emt 0:00:03]} 34. Ng4 {[%emt 0:00:11]} d3 {[%emt 0:00:03]} 35. Rd1 {[%emt 0:00:08]} d2 {[%emt 0:00:04]} 36. Kf2 {[%emt 0:00:14]} Rd7 {[%emt 0:00:06]} 37. Rxh6+ {[%emt 0:00:13]} gxh6 {[%emt 0:00:03]} 38. Nf6+ {[%emt 0:00:01]} Kg7 {[%emt 0:00:05]} 39. Nxd7 {[%emt 0:00:00]} Kf7 {[%emt 0:00:01]} 40. Rxd2 {[%emt 0:00:03]} Ke6 {[%emt 0:00:01]} 41. Nc5+ {[%emt 0:00:01]} Ke5 {[%emt 0:00:03]} 42. Nxb7 {[%emt 0:00:00]} Kf4 {[%emt 0:00:01]} 43. Rd6 {[%emt 0:00:02]} h5 {[%emt 0:00:03]} 44. g3+ {[%emt 0:00:00]} Kg5 {[%emt 0:00:02]} 45. h4+ {[%emt 0:00:05]} Kf5 {[%emt 0:00:02]} 46. Rd5+ {[%emt 0:00:03]} Ke6 {[%emt 0:00:03]} 47. Rxh5 {[%emt 0:00:03]} a5 {[%emt 0:00:02]} 48. Nxa5 {[%emt 0:00:04]} Kf6 {[%emt 0:00:02]} 49. Ke3 {[%emt 0:00:01]} Ke6 {[%emt 0:00:02]} 50. Ke4 {[%emt 0:00:03]} Kf7 {[%emt 0:00:02]} 51. Rh6 {[%emt 0:00:02]} Ke8 {[%emt 0:00:01]} 52. Rh7 {[%emt 0:00:02]} Kf8 {[%emt 0:00:01]} 53. Kf5 {[%emt 0:00:01]} Kg8 {[%emt 0:00:00]} 54. Ra7 {[%emt 0:00:02]} Kf8 {[%emt 0:00:01]} 55. Ke6 {[%emt 0:00:00]} Kg8 {[%emt 0:00:03]} 56. Kf6 {[%emt 0:00:01]} Kh8 {[%emt 0:00:01]} 57. Kg6 {[%emt 0:00:00]} Kg8 {[%emt 0:00:01]} 58. Ra8# {[%emt 0:00:00] Mate Mate} 1-0

[Event "OeISM B U10"]
[Site "AUT_boys_U10"]
[Date "2020.12.13"]
[Round "7"]
[White "Chessroman"]
[Black "Daniel195"]
[Result "1-0"]
[WhiteElo "1590"]
[BlackElo "1675"]
[Annotator "NA"]
[PlyCount "45"]
[EventDate "2020.12.13"]
[EventType "blitz"]

1. e4 {[%emt 0:00:04]} e5 {[%emt 0:00:02]} 2. Nf3 {[%emt 0:00:05]} Nc6 {[%emt 0:00:03]} 3. Bc4 {[%emt 0:00:05]} Bc5 {[%emt 0:00:04]} 4. d3 {[%emt 0:00:10]} Nf6 {[%emt 0:00:06]} 5. Bg5 {[%emt 0:00:03]} h6 {[%emt 0:00:02]} 6. Bh4 {[%emt 0:00:03]} Be7 {[%emt 0:00:02]} 7. Nbd2 {[%emt 0:00:08]} Ng8 {[%emt 0:00:04]} 8. Bg3 {[%emt 0:00:11]} Nf6 {[%emt 0:00:04]} 9. Nxe5 {[%emt 0:00:09]} Nxe5 {[%emt 0:00:06]} 10. Bxe5 {[%emt 0:00:03]} d5 {[%emt 0:00:04]} 11. exd5 {[%emt 0:00:07]} Kf8 {[%emt 0:00:03] Daniel195 offers a draw} 12. O-O {[%emt 0:00:22]} Nxd5 {[%emt 0:00:05]} 13. Qf3 {[%emt 0:00:09]} Nf6 {[%emt 0:00:02]} 14. Ne4 {[%emt 0:00:11]} Bg4 {[%emt 0:00:04]} 15. Qf4 {[%emt 0:00:12]} g5 {[%emt 0:00:12]} 16. Qe3 {[%emt 0:00:22]} Nxe4 {[%emt 0:00:03]} 17. Qxe4 {[%emt 0:00:09]} Bh5 {[%emt 0:00:18]} 18. Bxh8 {[%emt 0:00:05]} Bg6 {[%emt 0:00:03]} 19. Qd5 {[%emt 0:00:23]} Qc8 {[%emt 0:00:12]} 20. Rfe1 {[%emt 0:00:15]} c6 {[%emt 0:00:05]} 21. Qe5 {[%emt 0:00:15]} Qd7 {[%emt 0:00:15]} 22. Qg7+ {[%emt 0:00:17]} Ke8 {[%emt 0:00:04]} 23. Qg8# {[%emt 0:00:04] Mate Mate} 1-0

[Event "OeISM B U10"]
[Site "AUT_boys_U10"]
[Date "2020.12.13"]
[Round "7"]
[White "Davidalaba"]
[Black "Codeman1980"]
[Result "1-0"]
[WhiteElo "1512"]
[BlackElo "1661"]
[Annotator "NA"]
[PlyCount "105"]
[EventDate "2020.12.13"]
[EventType "blitz"]

1. e4 {[%emt 0:00:03]} c5 {[%emt 0:00:03]} 2. Nf3 {[%emt 0:00:02]} d6 {[%emt 0:00:02]} 3. d4 {[%emt 0:00:02]} cxd4 {[%emt 0:00:01]} 4. Nxd4 {[%emt 0:00:00]} Nf6 {[%emt 0:00:02]} 5. Nc3 {[%emt 0:00:03]} g6 {[%emt 0:00:02]} 6. Bc4 {[%emt 0:00:05]} Bg7 {[%emt 0:00:02]} 7. O-O {[%emt 0:00:02]} O-O {[%emt 0:00:02]} 8. Bg5 {[%emt 0:00:03]} Nc6 {[%emt 0:00:09]} 9. Nxc6 {[%emt 0:00:04]} bxc6 {[%emt 0:00:03]} 10. Re1 {[%emt 0:00:04]} h6 {[%emt 0:00:20]} 11. Bh4 {[%emt 0:00:04]} Bb7 {[%emt 0:00:22]} 12. h3 {[%emt 0:00:15]} g5 {[%emt 0:00:18]} 13. Bg3 {[%emt 0:00:04]} d5 {[%emt 0:00:03]} 14. exd5 {[%emt 0:00:04]} cxd5 {[%emt 0:00:02]} 15. Bd3 {[%emt 0:00:05]} e6 {[%emt 0:00:15]} 16. Qd2 {[%emt 0:00:13]} a6 {[%emt 0:00:22]} 17. Rad1 {[%emt 0:00:05]} Qb6 {[%emt 0:00:19]} 18. Rb1 {[%emt 0:00:13]} Nh5 {[%emt 0:00:25]} 19. Bh2 {[%emt 0:00:13]} Rac8 {[%emt 0:00:24]} 20. Be2 {[%emt 0:00:17]} Nf6 {[%emt 0:00:18]} 21. Bf3 {[%emt 0:00:22]} Qa7 {[%emt 0:00:46]} 22. Be5 {[%emt 0:00:21]} Nd7 {[%emt 0:00:27]} 23. Bxg7 {[%emt 0:00:07]} Kxg7 {[%emt 0:00:05]} 24. Rbd1 {[%emt 0:00:14]} Kg8 {[%emt 0:00:30]} 25. h4 {[%emt 0:00:11]} d4 {[%emt 0:01:13]} 26. Ne4 {[%emt 0:00:31]} f6 {[%emt 0:00:51]} 27. Qxd4 {[%emt 0:00:33]} Qxd4 {[%emt 0:00:04]} 28. Rxd4 {[%emt 0:00:00]} Bxe4 {[%emt 0:00:12]} 29. Bxe4 {[%emt 0:00:12]} Ne5 {[%emt 0:00:12]} 30. c3 {[%emt 0:00:16]} Rfd8 {[%emt 0:00:17]} 31. Bb7 {[%emt 0:00:10]} Rxd4 {[%emt 0:01:17]} 32. cxd4 {[%emt 0:00:00]} Nd3 {[%emt 0:00:42]} 33. Bxc8 {[%emt 0:00:19]} Nxe1 {[%emt 0:00:03]} 34. Bxa6 {[%emt 0:00:03]} Nc2 {[%emt 0:00:06]} 35. Bc4 {[%emt 0:00:08]} Nxd4 {[%emt 0:00:03]} 36. a4 {[%emt 0:00:23]} Kf8 {[%emt 0:00:06]} 37. a5 {[%emt 0:00:05]} Ke8 {[%emt 0:00:02]} 38. a6 {[%emt 0:00:05]} Nc6 {[%emt 0:00:07]} 39. Bb5 {[%emt 0:00:02]} Kd7 {[%emt 0:00:24]} 40. a7 {[%emt 0:00:04]} Kd6 {[%emt 0:00:12]} 41. Bxc6 {[%emt 0:00:06]} Kxc6 {[%emt 0:00:04]} 42. a8=Q+ {[%emt 0:00:03]} Kd6 {[%emt 0:00:02]} 43. hxg5 {[%emt 0:00:05]} hxg5 {[%emt 0:00:05]} 44. Qd8+ {[%emt 0:00:03]} Ke5 {[%emt 0:00:03]} 45. b4 {[%emt 0:00:08]} g4 {[%emt 0:00:12]} 46. b5 {[%emt 0:00:04]} f5 {[%emt 0:00:01]} 47. b6 {[%emt 0:00:02]} Kf4 {[%emt 0:00:01]} 48. b7 {[%emt 0:00:08]} e5 {[%emt 0:00:04]} 49. b8=Q {[%emt 0:00:04]} g3 {[%emt 0:00:01]} 50. fxg3+ {[%emt 0:00:03]} Kg4 {[%emt 0:00:03]} 51. Qg8+ {[%emt 0:00:04]} Kh5 {[%emt 0:00:03]} 52. Qb7 {[%emt 0:00:04]} e4 {[%emt 0:00:05]} 53. Qbh7# {[%emt 0:00:00] Mate} 1-0

[Event "OeISM B U10"]
[Site "AUT_boys_U10"]
[Date "2020.12.13"]
[Round "7"]
[White "Sunny3000"]
[Black "Alain 007"]
[Result "0-1"]
[WhiteElo "1477"]
[BlackElo "1543"]
[Annotator "NA"]
[PlyCount "62"]
[EventDate "2020.12.13"]
[EventType "blitz"]

1. e4 {[%emt 0:00:05]} d5 {[%emt 0:00:07]} 2. exd5 {[%emt 0:00:03]} Nf6 {[%emt 0:00:09]} 3. Nc3 {[%emt 0:00:06]} Nxd5 {[%emt 0:00:18]} 4. Nxd5 {[%emt 0:00:12]} Qxd5 {[%emt 0:00:10]} 5. Nf3 {[%emt 0:00:02]} Bg4 {[%emt 0:00:16]} 6. Be2 {[%emt 0:00:05]} Nc6 {[%emt 0:00:13]} 7. h3 {[%emt 0:00:02]} Bh5 {[%emt 0:00:05]} 8. d3 {[%emt 0:00:06]} O-O-O {[%emt 0:00:13]} 9. Be3 {[%emt 0:00:06]} e6 {[%emt 0:00:06]} 10. Qd2 {[%emt 0:00:14]} Bd6 {[%emt 0:00:08]} 11. O-O {[%emt 0:00:27]} Bxf3 {[%emt 0:00:06]} 12. Bxf3 {[%emt 0:00:08]} Qe5 {[%emt 0:00:09]} 13. g3 {[%emt 0:00:14]} Qxb2 {[%emt 0:00:22]} 14. Bxc6 {[%emt 0:00:20]} bxc6 {[%emt 0:00:13]} 15. Bxa7 {[%emt 0:00:33]} Qe5 {[%emt 0:00:08]} 16. Rab1 {[%emt 0:00:19]} h5 {[%emt 0:00:04]} 17. Rfe1 {[%emt 0:00:08]} Qf6 {[%emt 0:00:14]} 18. Qa5 {[%emt 0:00:54]} Qg6 {[%emt 0:00:20]} 19. Re3 {[%emt 0:01:17]} h4 {[%emt 0:00:08]} 20. Bc5 {[%emt 0:01:00]} Rh5 {[%emt 0:00:14]} 21. Qa6+ {[%emt 0:00:16]} Kd7 {[%emt 0:00:16]} 22. Bxd6 {[%emt 0:00:06]} Kxd6 {[%emt 0:00:06]} 23. Qa3+ {[%emt 0:00:34]} Kd7 {[%emt 0:00:13]} 24. Qa4 {[%emt 0:01:04]} Rg5 {[%emt 0:00:21]} 25. Qxh4 {[%emt 0:00:23]} Rh5 {[%emt 0:00:10]} 26. Qe4 {[%emt 0:00:22]} Qh6 {[%emt 0:00:10]} 27. h4 {[%emt 0:00:16]} Rh8 {[%emt 0:00:27]} 28. Qd4+ {[%emt 0:00:15]} Ke7 {[%emt 0:00:36]} 29. Rb7 {[%emt 0:00:12]} Rc8 {[%emt 0:00:28]} 30. Kg2 {[%emt 0:00:36]} c5 {[%emt 0:00:28]} 31. Qe4 {[%emt 0:00:12]} g6 {[%emt 0:00:55] TimeW} 0-1

[Event "OeISM B U10"]
[Site "AUT_boys_U10"]
[Date "2020.12.13"]
[Round "7"]
[White "Nikolaus2709"]
[Black "Max003"]
[Result "1-0"]
[WhiteElo "1468"]
[BlackElo "1453"]
[Annotator "NA"]
[PlyCount "63"]
[EventDate "2020.12.13"]
[EventType "blitz"]

1. e4 {[%emt 0:00:03]} c5 {[%emt 0:00:11]} 2. Nf3 {[%emt 0:00:03]} d6 {[%emt 0:00:03]} 3. d4 {[%emt 0:00:02]} cxd4 {[%emt 0:00:03]} 4. Nxd4 {[%emt 0:00:05]} Nf6 {[%emt 0:00:02]} 5. Nc3 {[%emt 0:00:03]} g6 {[%emt 0:00:02]} 6. Be3 {[%emt 0:00:06]} Bg7 {[%emt 0:00:03]} 7. Be2 {[%emt 0:00:03]} O-O {[%emt 0:00:03]} 8. O-O {[%emt 0:00:03]} Nc6 {[%emt 0:00:04]} 9. Qd2 {[%emt 0:00:05]} e5 {[%emt 0:00:13]} 10. Nf3 {[%emt 0:00:03]} Re8 {[%emt 0:00:05]} 11. Rad1 {[%emt 0:00:06]} Re6 {[%emt 0:00:14]} 12. Bh6 {[%emt 0:00:13]} Bh8 {[%emt 0:00:04]} 13. Nb5 {[%emt 0:00:29]} Ne8 {[%emt 0:00:11]} 14. c4 {[%emt 0:00:24]} b6 {[%emt 0:00:05]} 15. h3 {[%emt 0:00:53]} a6 {[%emt 0:00:03]} 16. Nc3 {[%emt 0:00:04]} Bf6 {[%emt 0:00:15]} 17. Ng5 {[%emt 0:00:17]} Bxg5 {[%emt 0:00:02]} 18. Bxg5 {[%emt 0:00:05]} f6 {[%emt 0:00:03]} 19. Bh6 {[%emt 0:00:02]} Re7 {[%emt 0:00:10]} 20. Qe3 {[%emt 0:00:40]} g5 {[%emt 0:00:09]} 21. h4 {[%emt 0:00:21]} Rd7 {[%emt 0:00:06]} 22. hxg5 {[%emt 0:00:11]} fxg5 {[%emt 0:00:02]} 23. Bxg5 {[%emt 0:00:06]} Kh8 {[%emt 0:00:02]} 24. Bxd8 {[%emt 0:00:04]} Rg7 {[%emt 0:00:04] Max003 offers a draw} 25. Qf3 {[%emt 0:00:17]} b5 {[%emt 0:00:17]} 26. Qf8+ {[%emt 0:00:14]} Rg8 {[%emt 0:00:06]} 27. Bf6+ {[%emt 0:00:18]} Nxf6 {[%emt 0:00:02]} 28. Qxf6+ {[%emt 0:00:02]} Rg7 {[%emt 0:00:02]} 29. Rd3 {[%emt 0:00:02]} Raa7 {[%emt 0:00:34]} 30. Rg3 {[%emt 0:00:05]} Nd4 {[%emt 0:00:06]} 31. Qf8+ {[%emt 0:00:17]} Rg8 {[%emt 0:00:03]} 32. Rxg8# {[%emt 0:00:07] Mate Mate} 1-0

[Event "OeISM B U10"]
[Site "AUT_boys_U10"]
[Date "2020.12.13"]
[Round "7"]
[White "Janoschluis"]
[Black "Felix808"]
[Result "0-1"]
[WhiteElo "1399"]
[BlackElo "1468"]
[Annotator "NA"]
[PlyCount "86"]
[EventDate "2020.12.13"]
[EventType "blitz"]

1. e4 {[%emt 0:00:02]} e5 {[%emt 0:00:02]} 2. Nf3 {[%emt 0:00:02]} Nc6 {[%emt 0:00:02]} 3. Bb5 {[%emt 0:00:02]} d6 {[%emt 0:00:03]} 4. d4 {[%emt 0:00:04]} exd4 {[%emt 0:00:05]} 5. Nxd4 {[%emt 0:00:02]} Bd7 {[%emt 0:00:01]} 6. Bxc6 {[%emt 0:00:08]} bxc6 {[%emt 0:00:04]} 7. Nc3 {[%emt 0:00:04]} Nf6 {[%emt 0:00:04]} 8. O-O {[%emt 0:00:03]} g6 {[%emt 0:00:04]} 9. Bg5 {[%emt 0:00:04]} Bg7 {[%emt 0:00:02]} 10. Re1 {[%emt 0:00:20]} O-O {[%emt 0:00:07]} 11. Qf3 {[%emt 0:00:50]} h6 {[%emt 0:00:12]} 12. Bxf6 {[%emt 0:00:21]} Bxf6 {[%emt 0:00:02]} 13. Nb3 {[%emt 0:00:26]} Be5 {[%emt 0:00:13]} 14. Rad1 {[%emt 0:00:19]} Qh4 {[%emt 0:00:05]} 15. g3 {[%emt 0:00:13]} Qg5 {[%emt 0:00:19]} 16. h4 {[%emt 0:00:24]} Qh5 {[%emt 0:00:19]} 17. Qxh5 {[%emt 0:00:08]} gxh5 {[%emt 0:00:02]} 18. Rd3 {[%emt 0:00:33]} Kh8 {[%emt 0:00:03]} 19. Rb1 {[%emt 0:00:35]} Rg8 {[%emt 0:00:03]} 20. Na5 {[%emt 0:00:19]} Bf6 {[%emt 0:00:05]} 21. Kh2 {[%emt 0:00:27]} Rg4 {[%emt 0:00:14]} 22. Nb7 {[%emt 0:00:26]} Be5 {[%emt 0:00:09]} 23. Rf1 {[%emt 0:00:23]} Rxh4+ {[%emt 0:00:06]} 24. Kg2 {[%emt 0:00:12]} Bh3+ {[%emt 0:00:05]} 25. Kg1 {[%emt 0:00:20]} Bxf1 {[%emt 0:00:02]} 26. gxh4 {[%emt 0:00:04]} Bxd3 {[%emt 0:00:02]} 27. cxd3 {[%emt 0:00:03]} Rb8 {[%emt 0:00:08]} 28. Na5 {[%emt 0:00:07]} Rxb2 {[%emt 0:00:03] Janoschluis offers a draw} 29. Nd1 {[%emt 0:00:15]} Rxa2 {[%emt 0:00:05]} 30. Nxc6 {[%emt 0:00:12]} Ra1 {[%emt 0:00:04]} 31. Nxe5 {[%emt 0:00:15]} dxe5 {[%emt 0:00:02]} 32. f4 {[%emt 0:00:03]} exf4 {[%emt 0:00:02]} 33. Kf1 {[%emt 0:00:06]} Rxd1+ {[%emt 0:00:02]} 34. Ke2 {[%emt 0:00:02]} Rc1 {[%emt 0:00:03]} 35. Kd2 {[%emt 0:00:06]} f3 {[%emt 0:00:06]} 36. d4 {[%emt 0:00:11]} f2 {[%emt 0:00:01]} 37. d5 {[%emt 0:00:04]} f1=Q {[%emt 0:00:04]} 38. d6 {[%emt 0:00:04]} cxd6 {[%emt 0:00:03]} 39. e5 {[%emt 0:00:01]} Rd1+ {[%emt 0:00:02]} 40. Ke3 {[%emt 0:00:04]} Qd3+ {[%emt 0:00:04]} 41. Kf2 {[%emt 0:00:09]} Rf1+ {[%emt 0:00:02]} 42. Kg2 {[%emt 0:00:03]} Qf3+ {[%emt 0:00:04]} 43. Kh2 {[%emt 0:00:06]} Rh1# {[%emt 0:00:02] Mate Mate} 0-1